000 00260nam a2200109Ia 4500
008 221030s9999 xx 000 0 und d
245 0 _aCustomer Relatioship Management
260 _bHDFC Bank
_aJammu
_c2018
300 _a50
650 _aManagement
942 _cTH
999 _c18438
_d18438